000 00944nam a2200229Ia 4500
003 Ost
005 20260507075240.0
008 260507s9999||||xx |||||||||||||| ||und||
040 _cfsecg
041 _aara
082 _a330
100 _aرجب، وضاح نجيب
_eمؤلف
245 0 _aالتضخم و الكساد :
_bالأسباب و الحلول وفق مبادئ الاقتصاد الاسلامي /
_c وضاح نجيب رجب
260 _aعمان:
_bدار النفائس,
_c2010
300 _a312 صفحة؛
_c24 سم
504 _aمراجع ص.297
520 _aمفهوم التضخم و أنواعه ، أسباب التضخم و آثاره ، العلاج الاقتصادي الوضعي للتضخم و العلاج الاقتصادي الاسلامي له .
653 _aالاقتصاد الاسلامي
653 _aالتضخم المالي
653 _aالركود الاقتصادي
942 _cكتاب
999 _c43615
_d43615